| 000 | 00786aam a2200325a 44500 | ||
|---|---|---|---|
| 008 | 940503s1991 lat | ||
| 041 | _alat | ||
| 041 | _bcat | ||
| 080 | _a331.54=733(038) | ||
| 100 |
_aRosselló Lliteras, Joan _962045 |
||
| 245 | _aDiccionari de la menestralia llatí-català | ||
| 245 | _cJoan Rosselló Lliteras | ||
| 260 | _aPalma de Mallorca | ||
| 260 | _bArxiu Diocesà | ||
| 260 | _c1991 | ||
| 300 | _c24 cm | ||
| 520 | _a390 | ||
| 591 | _a3580 | ||
| 592 | _aObra terminològica | ||
| 593 | _aJO | ||
| 594 | _a3580 | ||
| 650 |
_acatalà _960670 |
||
| 650 |
_allatí _962037 |
||
| 650 |
_aoficis _962036 |
||
| 901 | _c<1991> | ||
| 902 | _a940503 | ||
| 942 |
_cMO _n0 |
||
| 999 |
_c51792 _d51792 |
||